[Event "Olympiad-45"]
[Site "Budapest"]
[Date "2024.09.15"]
[Round "5.81"]
[White "Sihlongonyane, Sikhanyiso"]
[Black "Hemam, Moulaye Brahim"]
[Result "1/2-1/2"]
[WhiteElo "1813"]
[BlackElo "1977"]
[PlyCount "119"]
[EventDate "2024.09.11"]
[EventType "team-swiss"]
[EventRounds "11"]
[EventCountry "HUN"]
[SourceTitle "EXT 2025"]
[Source "ChessBase"]
[SourceDate "2024.10.14"]
[SourceVersion "1"]
[SourceVersionDate "2024.10.14"]
[SourceQuality "1"]
[WhiteTeam "Eswatini"]
[BlackTeam "Mauritania"]
[BlackTeamCountry "MAU"]

1. e4 c5 2. Nf3 Nc6 3. Bb5 g6 4. 0-0 Bg7 5. c3 Nf6 6. Re1 a6 7. Ba4 b5 8. Bc2 e5 9. d4 cxd4 10. cxd4 exd4 11. Nxd4 0-0 12. Nc3 Bb7 13. Nb3 d6 14. Be3 Nb4 15. Bb1 Re8 16. a3 Nc6 17. f3 Ne5 18. Bd4 Nc4 19. Ra2 Rc8 20. Nd2 d5 21. Nxc4 dxc4 22. Bc2 Qe7 23. Be3 Rcd8 24. Qe2 Nd7 25. Raa1 Nc5 26. Rad1 Ne6 27. Bc1 Nd4 28. Qf2 Nxc2 29. Qxc2 Qc5+ 30. Be3 Qc7 31. Rxd8 Rxd8 32. Rd1 Rd7 33. Rxd7 Qxd7 34. Qd2 Qe7 35. Bb6 Bf6 36. Bd4 Qd8 37. Be3 Qxd2 38. Bxd2 Bd4+ 39. Kf1 Kf8 40. Ke2 Ke7 41. Nd1 Ke6 42. Bc3 Bc5 43. Ne3 h5 44. Nc2 f5 45. exf5+ Kxf5 46. Nd4+ Bxd4 47. Bxd4 g5 48. h3 g4 49. hxg4+ hxg4 50. fxg4+ Kxg4 51. Kf2 Kf4 52. Bc3 Ke4 53. Kg3 Kd3 54. Kf2 Kc2 55. g4 Kb3 56. Ke3 a5 57. Kd2 b4 58. axb4 axb4 59. Be5 Ka2 60. g5 1/2-1/2

[Event "Titled Tuesday intern op 08th Nov Early"]
[Site "Chess.com INT"]
[Date "2022.11.08"]
[Round "4"]
[White "Fiedorek, Michal"]
[Black "Sihlongonyane, Sikhanyiso"]
[Result "1-0"]
[WhiteElo "2298"]
[BlackElo "1674"]
[PlyCount "55"]
[EventDate "2022.11.08"]
[EventType "swiss (blitz)"]
[EventRounds "11"]
[EventCountry "USA"]
[SourceTitle "EXT 2024"]
[Source "ChessBase"]
[SourceDate "2023.10.10"]
[SourceVersion "1"]
[SourceVersionDate "2023.10.10"]
[SourceQuality "1"]

1. e4 c5 2. Nf3 d6 3. d4 cxd4 4. Nxd4 Nf6 5. Nc3 a6 6. Bg5 e5 7. Nb3 Be6 8. Qd2 Nbd7 9. 0-0-0 Be7 10. f4 b5 11. Bxf6 Nxf6 12. f5 Bc4 13. Kb1 Bxf1 14. Rhxf1 b4 15. Nd5 Nxe4 16. Qxb4 Nf6 17. Nxf6+ gxf6 18. Rd5 Rb8 19. Qa4+ Kf8 20. Qxa6 Rg8 21. g3 h5 22. Qe2 h4 23. gxh4 Qc7 24. h5 Qb7 25. Rfd1 Rg5 26. h6 Kg8 27. h4 Rxf5 28. Qg4+ 1-0

[Event "Titled Tuesday intern op 08th Nov Early"]
[Site "Chess.com INT"]
[Date "2022.11.08"]
[Round "3"]
[White "Sihlongonyane, Sikhanyiso"]
[Black "Golubev, Mikhail"]
[Result "0-1"]
[WhiteElo "1674"]
[BlackElo "2461"]
[PlyCount "50"]
[EventDate "2022.11.08"]
[EventType "swiss (blitz)"]
[EventRounds "11"]
[EventCountry "USA"]
[SourceTitle "EXT 2024"]
[Source "ChessBase"]
[SourceDate "2023.10.10"]
[SourceVersion "1"]
[SourceVersionDate "2023.10.10"]
[SourceQuality "1"]

1. e4 b6 2. Nc3 Bb7 3. Bc4 e6 4. Nf3 Bb4 5. d3 d5 6. exd5 exd5 7. Bb3 Qe7+ 8. Be3 Nf6 9. 0-0 0-0 10. Bg5 Bxc3 11. bxc3 Qd6 12. Re1 Nbd7 13. Nd4 Rfe8 14. Nf5 Qc5 15. Qd2 a5 16. d4 Qf8 17. a4 Ne4 18. Qe3 f6 19. Bf4 Rac8 20. f3 Ng5 21. Qd2 Ne6 22. Bg3 g6 23. Nh6+ Kg7 24. Ng4 c5 25. dxc5 Ndxc5 0-1

[Event "Titled Tuesday intern op 08th Nov Early"]
[Site "Chess.com INT"]
[Date "2022.11.08"]
[Round "5"]
[White "Sihlongonyane, Sikhanyiso"]
[Black "Osmonbekov, Talaibek D"]
[Result "0-1"]
[WhiteElo "1674"]
[BlackElo "2137"]
[PlyCount "56"]
[EventDate "2022.11.08"]
[EventType "swiss (blitz)"]
[EventRounds "11"]
[EventCountry "USA"]
[SourceTitle "EXT 2024"]
[Source "ChessBase"]
[SourceDate "2023.10.10"]
[SourceVersion "1"]
[SourceVersionDate "2023.10.10"]
[SourceQuality "1"]

1. e4 c5 2. Nf3 d6 3. d4 cxd4 4. Nxd4 Nf6 5. Nc3 g6 6. Be3 Bg7 7. Bc4 0-0 8. f3 Nc6 9. Qd2 Bd7 10. 0-0-0 Rc8 11. Bb3 Nxd4 12. Bxd4 b5 13. Kb1 a5 14. e5 b4 15. exf6 bxc3 16. Bxc3 exf6 17. Bxa5 Qe8 18. Qxd6 Ba4 19. Rhe1 Bxb3 20. Rxe8 Bxc2+ 21. Kc1 Rfxe8 22. Bc3 Bxd1 23. Kxd1 Red8 24. Qxd8+ Rxd8+ 25. Ke2 f5 26. Bxg7 Kxg7 27. b3 f4 28. g3 g5 0-1

[Event "Olympiad-44"]
[Site "Chennai"]
[Date "2022.08.07"]
[Round "9.2"]
[White "Diarra, Sirike"]
[Black "Sihlongonyane, Sikhanyiso"]
[Result "0-1"]
[WhiteElo "1641"]
[BlackElo "1658"]
[PlyCount "76"]
[EventDate "2022.07.29"]
[EventType "team-swiss"]
[EventRounds "11"]
[EventCountry "IND"]
[SourceTitle "CBM 210"]
[Source "ChessBase"]
[SourceDate "2022.10.31"]
[SourceVersion "1"]
[SourceVersionDate "2022.10.31"]
[SourceQuality "1"]
[WhiteTeam "Mali"]
[BlackTeam "Eswatini"]
[WhiteTeamCountry "MLI"]
[BlackTeamCountry "SWA"]

1. e4 c5 2. f4 Nc6 3. Nf3 d6 4. Bc4 e6 5. 0-0 Nf6 6. Nc3 Be7 7. d3 0-0 8. a3 a6 9. h3 d5 10. Ba2 dxe4 11. dxe4 Qxd1 12. Rxd1 b5 13. e5 Nd7 14. Ne4 Rd8 15. Be3 c4 16. c3 Bb7 17. Nd6 Na5 18. Nh2 Bd5 19. Nf5 Bf8 20. Ng3 Nc5 21. Bxc5 Bxc5+ 22. Kf1 Kf8 23. Ng4 Nb3 24. Rab1 a5 25. Bxb3 cxb3 26. Ne2 b4 27. cxb4 axb4 28. axb4 Bxb4 29. Ra1 Ra2 30. Ne3 Rxb2 31. Nxd5 Rxd5 32. Ra8+ Ke7 33. Ra7+ Ke8 34. Ra8+ Kd7 35. Ra7+ Kc6 36. Rda1 Rdd2 37. Rc1+ Rbc2 38. Raa1 Rxe2 0-1

[Event "Olympiad-44"]
[Site "Chennai"]
[Date "2022.08.01"]
[Round "4.3"]
[White "Alhejab, Meshal"]
[Black "Sihlongonyane, Sikhanyiso"]
[Result "1-0"]
[WhiteElo "1732"]
[BlackElo "1658"]
[PlyCount "65"]
[EventDate "2022.07.29"]
[EventType "team-swiss"]
[EventRounds "11"]
[EventCountry "IND"]
[SourceTitle "CBM 210"]
[Source "ChessBase"]
[SourceDate "2022.10.31"]
[SourceVersion "1"]
[SourceVersionDate "2022.10.31"]
[SourceQuality "1"]
[WhiteTeam "Kuwait"]
[BlackTeam "Eswatini"]
[WhiteTeamCountry "KUW"]
[BlackTeamCountry "SWA"]

1. e4 c5 2. Nf3 d6 3. d4 cxd4 4. Nxd4 Nf6 5. Nc3 a6 6. Be2 e5 7. Nb3 Be7 8. Be3 Be6 9. Qd3 Nbd7 10. Nd5 Bxd5 11. exd5 b5 12. a4 Rb8 13. axb5 axb5 14. Na5 Ra8 15. Qxb5 0-0 16. 0-0 Nc5 17. Nc6 Qc7 18. Bxc5 dxc5 19. Nxe7+ Qxe7 20. Rxa8 Rxa8 21. Qc6 Rd8 22. Rd1 Qd6 23. Bb5 Kf8 24. c4 Qxc6 25. Bxc6 Ke7 26. Ra1 Rb8 27. Ra7+ Kf8 28. Bb5 Nxd5 29. cxd5 Rxb5 30. d6 f6 31. Ra8+ Kf7 32. d7 Rxb2 33. h4 1-0

[Event "Olympiad-44"]
[Site "Chennai"]
[Date "2022.07.29"]
[Round "1.3"]
[White "Escalona Landi, Samid Eduardo"]
[Black "Sihlongonyane, Sikhanyiso"]
[Result "1-0"]
[WhiteElo "2191"]
[BlackElo "1658"]
[PlyCount "83"]
[EventDate "2022.07.29"]
[EventType "team-swiss"]
[EventRounds "11"]
[EventCountry "IND"]
[SourceTitle "CBM 210"]
[Source "ChessBase"]
[SourceDate "2022.10.31"]
[SourceVersion "1"]
[SourceVersionDate "2022.10.31"]
[SourceQuality "1"]
[WhiteTeam "Venezuela"]
[BlackTeam "Eswatini"]
[WhiteTeamCountry "VEN"]
[BlackTeamCountry "SWA"]

1. Nf3 d5 2. c4 e6 3. b3 Nf6 4. Bb2 Be7 5. g3 0-0 6. Bg2 c5 7. 0-0 Nc6 8. e3 dxc4 9. bxc4 Qb6 10. Qb3 Qxb3 11. axb3 Rd8 12. d4 Bd7 13. Nc3 Nb4 14. Ne5 Bc6 15. Nxc6 Nxc6 16. d5 exd5 17. cxd5 Nb4 18. Rfd1 a6 19. Rac1 Rac8 20. Bh3 Rb8 21. e4 b5 22. Bf1 h6 23. Rd2 Ng4 24. Be2 f5 25. exf5 Nf6 26. Rcd1 Rd6 27. Ba3 Rbd8 28. Bf3 Kf7 29. h4 Ke8 30. g4 h5 31. g5 Ng4 32. Ne4 Rb6 33. d6 Bf8 34. Nxc5 Rbxd6 35. Re2+ Kf7 36. Rxd6 Rxd6 37. Bxb4 Rd1+ 38. Kg2 a5 39. g6+ Kg8 40. Re8 Nf6 41. Ra8 Rc1 42. Ne6 1-0

[Event "Online Olym Div4 C"]
[Site "Chess.com INT"]
[Date "2021.08.21"]
[Round "4.4"]
[White "Domingos, Catarino"]
[Black "Sihlongonyane, Sikhanyiso"]
[Result "1-0"]
[WhiteElo "2242"]
[BlackElo "1713"]
[PlyCount "105"]
[EventDate "2021.08.20"]
[EventType "team (rapid)"]
[EventRounds "11"]
[EventCountry "USA"]
[SourceTitle "CBM 203 Extra"]
[Source "ChessBase"]
[SourceDate "2021.09.30"]
[SourceVersion "1"]
[SourceVersionDate "2021.09.30"]
[SourceQuality "1"]
[WhiteTeam "Angola"]
[BlackTeam "Swaziland"]
[WhiteTeamCountry "ANG"]
[BlackTeamCountry "SWA"]

1. Nf3 Nf6 2. d4 g6 3. c4 Bg7 4. Nc3 0-0 5. g3 d6 6. Bg2 Nc6 7. 0-0 e5 8. h3 exd4 9. Nxd4 Nxd4 10. Qxd4 Nd7 11. Qd1 Ne5 12. Qb3 Rb8 13. Be3 Be6 14. Bxa7 Bxc4 15. Qb4 c5 16. Qb6 Qxb6 17. Bxb6 Rbc8 18. Rfd1 Nc6 19. Rxd6 Bxc3 20. bxc3 Bxe2 21. Rd7 Ba6 22. Bd5 Ne5 23. Re7 Nc6 24. Re3 c4 25. Rae1 h5 26. h4 Kg7 27. Re4 Nb8 28. Bd4+ Kg8 29. Rf4 Rcd8 30. Bg2 Nc6 31. Bc5 Rfe8 32. Rxe8+ Rxe8 33. Bd5 Re1+ 34. Kg2 Ne5 35. Bd4 b5 36. Rf6 Bc8 37. Rb6 Bd7 38. Rb8+ Kh7 39. f4 f6 40. fxe5 fxe5 41. Bf2 Rd1 42. Bf3 Rd2 43. Rb7 Kg8 44. Be4 Kf7 45. Bc6 Ke6 46. Bxd7+ Rxd7 47. Rxd7 Kxd7 48. Kf3 Ke6 49. Ke4 Kd6 50. Be3 Ke6 51. Bc5 Kf6 52. Bf8 Ke6 53. Bg7 1-0

[Event "Online Olym Div4 C"]
[Site "Chess.com INT"]
[Date "2021.08.20"]
[Round "1.5"]
[White "Sihlongonyane, Sikhanyiso"]
[Black "Novak, Robert"]
[Result "0-1"]
[WhiteElo "1713"]
[BlackElo "2190"]
[PlyCount "154"]
[EventDate "2021.08.20"]
[EventType "team (rapid)"]
[EventRounds "11"]
[EventCountry "USA"]
[SourceTitle "CBM 203 Extra"]
[Source "ChessBase"]
[SourceDate "2021.09.30"]
[SourceVersion "1"]
[SourceVersionDate "2021.09.30"]
[SourceQuality "1"]
[WhiteTeam "Swaziland"]
[BlackTeam "Malta"]
[WhiteTeamCountry "SWA"]
[BlackTeamCountry "MLT"]

1. e4 e6 2. d4 d5 3. Nd2 h6 4. c3 c5 5. e5 Nc6 6. Ndf3 cxd4 7. cxd4 Bb4+ 8. Bd2 Qa5 9. a3 Bxd2+ 10. Qxd2 Qxd2+ 11. Kxd2 Nge7 12. Bd3 Bd7 13. Ne2 f5 14. h4 Rc8 15. Rhc1 Kf7 16. Rc3 a6 17. Rac1 Na7 18. Rxc8 Rxc8 19. Rxc8 Nexc8 20. Kc3 a5 21. b4 b6 22. Nf4 Ne7 23. Kb3 axb4 24. Kxb4 Nec6+ 25. Kc3 Na5 26. Bxf5 exf5 27. Nxd5 Nc8 28. Nf4 Bb5 29. d5 Nb7 30. Nd4 Bf1 31. Nxf5 Nc5 32. Ng3 Bb5 33. Kd4 Nb3+ 34. Ke4 Nd2+ 35. Kd4 Nb3+ 36. Kc3 Nc5 37. d6 Ne6 38. Nd5 Bc6 39. Kc4 b5+ 40. Kb4 Bxd5 41. Kxb5 Ke8 42. a4 Bxg2 43. a5 Kd7 44. a6 Na7+ 45. Kb6 Nc8+ 46. Kb5 Bc6+ 47. Ka5 Nc5 48. f4 Nd3 49. Nf5 Nxf4 50. Nxg7 Be4 51. Kb4 Ng6 52. Kc5 Nf4 53. Kd4 Bg6 54. Kc5 Bf7 55. Nf5 h5 56. Nd4 Ne6+ 57. Nxe6 Bxe6 58. Kd4 Kc6 59. Ke4 Bc4 60. Kf5 Bxa6 61. Kf6 Kd7 62. Kg5 Be2 63. Kf6 Nxd6 64. exd6 Kxd6 65. Kf5 Bg4+ 66. Kf4 Ke6 67. Kg3 Ke5 68. Kg2 Kf4 69. Kh2 Bf5 70. Kg2 Kg4 71. Kh2 Kxh4 72. Kg2 Kg4 73. Kh2 h4 74. Kg2 h3+ 75. Kh2 Kh4 76. Kh1 Kg3 77. Kg1 h2+ 0-1

[Event "Africa-ch"]
[Site "Lilongwe"]
[Date "2021.05.18"]
[Round "1"]
[White "Methu, Joseph Muraga"]
[Black "Sihlongonyane, Sikhanyiso"]
[Result "1-0"]
[WhiteElo "2119"]
[BlackElo "1619"]
[PlyCount "78"]
[EventDate "2021.05.18"]
[EventType "swiss"]
[EventRounds "9"]
[EventCountry "MWI"]
[SourceTitle "CBM 202 Extra"]
[Source "ChessBase"]
[SourceDate "2021.07.31"]
[SourceVersion "1"]
[SourceVersionDate "2021.07.31"]
[SourceQuality "1"]

1. d4 Nf6 2. c4 e6 3. Nc3 d5 4. cxd5 exd5 5. Bg5 Nbd7 6. e3 Be7 7. Bd3 0-0 8. Nge2 c6 9. 0-0 Ne4 10. Bf4 f5 11. Qc2 Ndf6 12. f3 Nxc3 13. bxc3 g6 14. c4 Be6 15. c5 Bd7 16. Nc1 b6 17. Nb3 b5 18. a4 a6 19. axb5 axb5 20. Rxa8 Qxa8 21. Ra1 Qb7 22. Qa2 Bd8 23. Qa7 Qxa7 24. Rxa7 Rf7 25. Be5 Kg7 26. Ra8 Rf8 27. Na1 Kf7 28. Nc2 Be7 29. Ra7 Ke6 30. Ra6 Kf7 31. Nb4 Rc8 32. Bc2 Ke6 33. Nd3 g5 34. Bb3 h5 35. h4 gxh4 36. Nf4+ Kf7 37. Ra7 Rd8 38. Kh2 Be8 39. Bc7 Bd7 1-0

[Event "Online Olym Div4 C"]
[Site "Chess.com INT"]
[Date "2020.08.02"]
[Round "7.5"]
[White "Al Ansi, Amin Hassan"]
[Black "Sihlongonyane, Sikhanyiso"]
[Result "0-1"]
[WhiteElo "1816"]
[BlackElo "1646"]
[PlyCount "134"]
[EventDate "2020.07.31"]
[EventType "team-tourn (rapid)"]
[EventRounds "9"]
[EventCountry "USA"]
[SourceTitle "CBM 198"]
[Source "ChessBase"]
[SourceDate "2020.10.31"]
[SourceVersion "1"]
[SourceVersionDate "2020.10.31"]
[SourceQuality "1"]
[WhiteTeam "Oman"]
[BlackTeam "Swaziland"]
[WhiteTeamCountry "OMN"]
[BlackTeamCountry "SWA"]

1. e4 c5 2. b3 Nc6 3. Bb2 Nf6 4. Nc3 g6 5. Nd5 Bg7 6. Nxf6+ exf6 7. Nf3 0-0 8. Be2 d5 9. exd5 Qxd5 10. 0-0 a6 11. Re1 b5 12. h3 Bb7 13. c4 bxc4 14. Bxc4 Qd6 15. Bc3 Rad8 16. Qc1 Nb4 17. Qd1 Bxf3 18. Qxf3 Nc2 19. Rac1 Nxe1 20. Rxe1 Rde8 21. Rc1 Re7 22. g3 Rfe8 23. Kf1 Qd7 24. g4 f5 25. Bxg7 Kxg7 26. gxf5 Qxf5 27. Qxf5 gxf5 28. a4 Rd8 29. Bxa6 Re5 30. Rc2 Kg6 31. Bc4 Ra8 32. Ra2 Ra5 33. d4 cxd4 34. b4 Ra8 35. a5 Rc8 36. Be2 Rd5 37. Bf3 Rb5 38. a6 Rxb4 39. a7 Rb3 40. a8Q Rxa8 41. Bxa8 d3 42. Rd2 f6 43. Kg2 Kg5 44. Bd5 Rc3 45. Bb7 Ra3 46. Bc6 Rb3 47. Bd7 Kf4 48. Be6 Rc3 49. Bg8 h5 50. Bf7 h4 51. Be8 Rb3 52. Bd7 Ke4 53. Bc8 f4 54. Be6 Rc3 55. Bg8 Rc2 56. Bh7+ f5 57. Rd1 f3+ 58. Kf1 d2 59. Rxd2 Rxd2 60. Kg1 Rd1+ 61. Kh2 Rf1 62. Bxf5+ Kf4 63. Bd3 Rxf2+ 64. Kg1 Kg3 65. Bf5 Rg2+ 66. Kf1 f2 67. Ke2 Rg1 0-1

[Event "Online Olym Div4 C"]
[Site "Chess.com INT"]
[Date "2020.08.01"]
[Round "4.2"]
[White "Khalema, Sechaba"]
[Black "Sihlongonyane, Sikhanyiso"]
[Result "1-0"]
[WhiteElo "1827"]
[BlackElo "1646"]
[PlyCount "77"]
[EventDate "2020.07.31"]
[EventType "team-tourn (rapid)"]
[EventRounds "9"]
[EventCountry "USA"]
[SourceTitle "CBM 198"]
[Source "ChessBase"]
[SourceDate "2020.10.31"]
[SourceVersion "1"]
[SourceVersionDate "2020.10.31"]
[SourceQuality "1"]
[WhiteTeam "Lesotho"]
[BlackTeam "Swaziland"]
[WhiteTeamCountry "LES"]
[BlackTeamCountry "SWA"]

1. d4 Nf6 2. c4 e6 3. Nf3 d5 4. Nc3 Be7 5. Bg5 0-0 6. e3 Nbd7 7. cxd5 exd5 8. Qc2 c6 9. Bd3 h6 10. Bf4 Re8 11. 0-0 Nf8 12. h3 Ne6 13. Bg3 Bd6 14. Be5 b6 15. Rac1 Bb7 16. Qb1 Rc8 17. b4 Qe7 18. a3 Nd7 19. Bh2 Bxh2+ 20. Kxh2 Rc7 21. Rc2 Rec8 22. Rfc1 a6 23. Kg1 Ng5 24. Nd2 Qd6 25. Bf5 g6 26. Bxd7 Qxd7 27. Na4 Qf5 28. Nxb6 Re8 29. Rc3 Ne4 30. Nxe4 dxe4 31. Rc5 Qe6 32. Re5 Qxe5 33. dxe5 Rxe5 34. Rc5 Ree7 35. Qc2 Re6 36. a4 Rce7 37. Qd2 Re8 38. Qd4 R6e7 39. Nd7 1-0

[Event "Olympiad-43"]
[Site "Batumi"]
[Date "2018.10.02"]
[Round "8.4"]
[White "Whyms, Chappell"]
[Black "Sihlongonyane, Sikhanyiso"]
[Result "0-1"]
[WhiteElo "1595"]
[BlackElo "1408"]
[PlyCount "62"]
[EventDate "2018.09.24"]
[EventType "team-swiss"]
[EventRounds "11"]
[EventCountry "GEO"]
[SourceTitle "CBM 187"]
[Source "ChessBase"]
[SourceDate "2018.12.11"]
[SourceVersion "1"]
[SourceVersionDate "2018.12.11"]
[SourceQuality "1"]
[WhiteTeam "Bahamas"]
[BlackTeam "Swaziland"]
[WhiteTeamCountry "BAH"]
[BlackTeamCountry "SWA"]

1. d4 d5 2. c4 c6 3. Nf3 Nf6 4. Nc3 e6 5. Bg5 Nbd7 6. e3 Bd6 7. Be2 0-0 8. 0-0 Re8 9. e4 dxe4 10. Nxe4 Be7 11. Nc3 Qc7 12. Rc1 Qa5 13. Qc2 e5 14. Bh4 exd4 15. Nxd4 Ne5 16. a3 Ng6 17. Bg3 Bf8 18. Rcd1 Bd7 19. Rd2 c5 20. Nb3 Qa6 21. Bf3 Ne5 22. Bxe5 Rxe5 23. Nd5 Bf5 24. Qc3 Rxd5 25. cxd5 b6 26. d6 Rd8 27. Rfd1 Ne4 28. Bxe4 Bxe4 29. Qe3 Bc6 30. d7 Qc4 31. Qe8 Rxe8 0-1

[Event "Olympiad-43"]
[Site "Batumi"]
[Date "2018.09.28"]
[Round "5.73"]
[White "Sihlongonyane, Sikhanyiso"]
[Black "Alhammada, Imad"]
[Result "1-0"]
[WhiteElo "1408"]
[BlackElo "2118"]
[PlyCount "99"]
[EventDate "2018.09.24"]
[EventType "team-swiss"]
[EventRounds "11"]
[EventCountry "GEO"]
[SourceTitle "CBM 187"]
[Source "ChessBase"]
[SourceDate "2018.12.11"]
[SourceVersion "1"]
[SourceVersionDate "2018.12.11"]
[SourceQuality "1"]
[WhiteTeam "Swaziland"]
[BlackTeam "Syria"]
[WhiteTeamCountry "SWA"]
[BlackTeamCountry "SYR"]

1. e4 g6 2. d4 Bg7 3. c4 c5 4. d5 d6 5. h3 Nd7 6. Nf3 a6 7. a4 Rb8 8. Nc3 Ne5 9. Bf4 Nxf3+ 10. Qxf3 Qa5 11. Ra3 Qb4 12. Bc1 f5 13. Bd3 fxe4 14. Qxe4 Nf6 15. Qe2 0-0 16. 0-0 Qb6 17. Qxe7 Bd7 18. a5 Qc7 19. Bf4 Ne8 20. Bg3 Rf7 21. Qe2 Nf6 22. Qc2 Nh5 23. Bh2 Rbf8 24. Ne4 Nf4 25. Ng5 Nxd3 26. Rxd3 Rf5 27. Ne4 Be5 28. Bxe5 Rxe5 29. Ra3 Bf5 30. Re1 Qe7 31. Rae3 Re8 32. f3 Qh4 33. Qf2 Qd8 34. Qd2 Kf8 35. Qc3 Kg8 36. Qd2 Qe7 37. Qc2 h6 38. Kh2 Kh7 39. Kg1 g5 40. g4 Bg6 41. Kg2 Qf8 42. Qb3 Bxe4 43. Rxe4 Rxe4 44. Qd3 Qf6 45. Rxe4 Qg6 46. Qe3 Rxe4 47. Qxe4 Qxe4 48. fxe4 Kg7 49. e5 dxe5 50. Kf3 1-0

[Event "Olympiad-43"]
[Site "Batumi"]
[Date "2018.09.26"]
[Round "3.73"]
[White "Sihlongonyane, Sikhanyiso"]
[Black "Medina Viana, Ricardo"]
[Result "1/2-1/2"]
[WhiteElo "1408"]
[BlackElo "2048"]
[PlyCount "78"]
[EventDate "2018.09.24"]
[EventType "team-swiss"]
[EventRounds "11"]
[EventCountry "GEO"]
[SourceTitle "CBM 187"]
[Source "ChessBase"]
[SourceDate "2018.12.11"]
[SourceVersion "1"]
[SourceVersionDate "2018.12.11"]
[SourceQuality "1"]
[WhiteTeam "Swaziland"]
[BlackTeam "Honduras"]
[WhiteTeamCountry "SWA"]
[BlackTeamCountry "HON"]

1. e4 e5 2. Nf3 Nc6 3. Bb5 a6 4. Ba4 b5 5. Bb3 Bc5 6. 0-0 Nf6 7. d3 h6 8. c3 d6 9. h3 Qe7 10. Nbd2 g5 11. Re1 g4 12. hxg4 Bxg4 13. Nf1 Kd7 14. Be3 Rag8 15. Bxc5 dxc5 16. Ne3 Nh5 17. Bd5 Bxf3 18. Qxf3 Nf4 19. g3 Nd8 20. Kf1 Nfe6 21. Bxe6+ fxe6 22. Ke2 Nf7 23. Ng4 Rg6 24. Rh1 h5 25. Qxf7 Rxg4 26. Qxe7+ Kxe7 27. Rh2 Rg7 28. Rah1 Rgh7 29. Rh4 Kf6 30. g4 Kg6 31. gxh5+ Rxh5 32. Rxh5 Rxh5 33. Rxh5 Kxh5 34. Ke3 Kg4 35. d4 cxd4+ 36. cxd4 exd4+ 37. Kxd4 Kf4 38. b4 e5+ 39. Kd5 c6+ 1/2-1/2

[Event "Olympiad-43"]
[Site "Batumi"]
[Date "2018.09.24"]
[Round "1.82"]
[White "Sihlongonyane, Sikhanyiso"]
[Black "Jeitz, Christian"]
[Result "0-1"]
[WhiteElo "1408"]
[BlackElo "2220"]
[PlyCount "90"]
[EventDate "2018.09.24"]
[EventType "team-swiss"]
[EventRounds "11"]
[EventCountry "GEO"]
[SourceTitle "CBM 187"]
[Source "ChessBase"]
[SourceDate "2018.12.11"]
[SourceVersion "1"]
[SourceVersionDate "2018.12.11"]
[SourceQuality "1"]
[WhiteTeam "Swaziland"]
[BlackTeam "Luxembourg"]
[WhiteTeamCountry "SWA"]
[BlackTeamCountry "LUX"]

1. Nf3 Nf6 2. c4 g6 3. Nc3 d5 4. d4 Bg7 5. Bf4 0-0 6. e3 c6 7. cxd5 Nxd5 8. Nxd5 Qxd5 9. Be5 Bf5 10. Bxg7 Kxg7 11. Bd3 Nd7 12. Qc2 Bxd3 13. Qxd3 e5 14. Qc3 e4 15. Nd2 f5 16. Qb3 Nb6 17. Rc1 f4 18. Qxd5 Nxd5 19. Ke2 Rae8 20. a3 Re7 21. Nb3 fxe3 22. fxe3 Ref7 23. Rhf1 Rxf1 24. Rxf1 Rxf1 25. Kxf1 Nxe3+ 26. Kf2 Nd1+ 27. Ke2 Nxb2 28. Na5 Kf6 29. Nxb7 Nc4 30. Nd8 Na5 31. Ke3 Ke7 32. Nxc6+ Nxc6 33. Kxe4 Kd6 34. g4 h6 35. h4 Ne7 36. h5 gxh5 37. gxh5 Ke6 38. a4 a5 39. Kf4 Kd5 40. Ke3 Nf5+ 41. Kf4 Ng7 42. Ke3 Nxh5 43. Kd3 Ng7 44. Ke3 h5 45. Kd3 Nf5 0-1